<?xml version="1.0" encoding="UTF-8"?>
<record
    xmlns:xsi="http://www.w3.org/2001/XMLSchema-instance"
    xsi:schemaLocation="http://www.loc.gov/MARC21/slim http://www.loc.gov/standards/marcxml/schema/MARC21slim.xsd"
    xmlns="http://www.loc.gov/MARC21/slim">

  <leader>02601cam a22003498i 4500</leader>
  <controlfield tag="001">23074784</controlfield>
  <controlfield tag="003">EG-ScBUE</controlfield>
  <controlfield tag="005">20240304105954.0</controlfield>
  <controlfield tag="008">230420s2024    nyua   f b    001 0 eng d</controlfield>
  <datafield tag="020" ind1=" " ind2=" ">
    <subfield code="a">9781032392455</subfield>
  </datafield>
  <datafield tag="040" ind1=" " ind2=" ">
    <subfield code="a">DLC</subfield>
    <subfield code="b">eng</subfield>
    <subfield code="e">rda</subfield>
    <subfield code="c">DLC</subfield>
    <subfield code="d">EG-ScBUE</subfield>
  </datafield>
  <datafield tag="082" ind1="0" ind2="4">
    <subfield code="a">302.231</subfield>
    <subfield code="2">22</subfield>
    <subfield code="b">JIQ</subfield>
  </datafield>
  <datafield tag="100" ind1="1" ind2=" ">
    <subfield code="a">Ji, Qihao,</subfield>
    <subfield code="d">1989-</subfield>
    <subfield code="e">author.</subfield>
  </datafield>
  <datafield tag="245" ind1="1" ind2="0">
    <subfield code="a">Social media and society /</subfield>
    <subfield code="c">Qihao Ji.</subfield>
  </datafield>
  <datafield tag="264" ind1=" " ind2="1">
    <subfield code="a">New York, NY :</subfield>
    <subfield code="b">Routledge,</subfield>
    <subfield code="c">2024.</subfield>
  </datafield>
  <datafield tag="300" ind1=" " ind2=" ">
    <subfield code="a">xiii, 205 pages :</subfield>
    <subfield code="b">illustrations ;</subfield>
    <subfield code="c">24 cm</subfield>
  </datafield>
  <datafield tag="336" ind1=" " ind2=" ">
    <subfield code="a">text</subfield>
    <subfield code="b">txt</subfield>
    <subfield code="2">rdacontent</subfield>
  </datafield>
  <datafield tag="337" ind1=" " ind2=" ">
    <subfield code="a">unmediated</subfield>
    <subfield code="b">n</subfield>
    <subfield code="2">rdamedia</subfield>
  </datafield>
  <datafield tag="338" ind1=" " ind2=" ">
    <subfield code="a">volume</subfield>
    <subfield code="b">nc</subfield>
    <subfield code="2">rdacarrier</subfield>
  </datafield>
  <datafield tag="504" ind1=" " ind2=" ">
    <subfield code="a">Includes bibliographical references and index.</subfield>
  </datafield>
  <datafield tag="520" ind1=" " ind2=" ">
    <subfield code="a">"This book offers a detailed exploration of the role social media plays in our daily lives and across a variety of contexts, from social networking sites, messaging applications, and enterprise communication platforms, to virtual reality. Offering readers an introduction to the uses, effects, and central debates surrounding the subject of social media, this text is organized into three sections, each with a distinct focus. Part I provides an overview of social media, defining it through communication characteristics and exploring both theoretical and practical approaches to understanding it; Part II examines the impact of social media on individual users, including its effects on expression, health, and relationship management; and Part III investigates the wider social implications of social media, including its impact on politics, entertainment, marketing, and information consumption. Featuring key contemporary case studies and learner-centered exercises throughout, this book offers a rich and engaging look at the most pertinent issues of the social media era on both an individual and societal level. This is an essential text for students of digital media, communication, journalism, and beyond, as well as a useful resource for researchers and industry professionals interested in exploring the social and psychological effects of social media"--</subfield>
    <subfield code="c">Provided by publisher.</subfield>
  </datafield>
  <datafield tag="650" ind1=" " ind2="7">
    <subfield code="a">Online social networks.</subfield>
    <subfield code="2">BUEsh</subfield>
  </datafield>
  <datafield tag="650" ind1=" " ind2="7">
    <subfield code="a">Social media.</subfield>
    <subfield code="2">BUEsh</subfield>
  </datafield>
  <datafield tag="650" ind1=" " ind2="7">
    <subfield code="a">Internet</subfield>
    <subfield code="x">Social aspects.</subfield>
    <subfield code="2">BUEsh</subfield>
  </datafield>
  <datafield tag="653" ind1=" " ind2=" ">
    <subfield code="c">March2024</subfield>
    <subfield code="b">COMAME</subfield>
  </datafield>
  <datafield tag="655" ind1=" " ind2=" ">
    <subfield code="v">Reading book</subfield>
  </datafield>
  <datafield tag="776" ind1="0" ind2="8">
    <subfield code="i">Online version:</subfield>
    <subfield code="a">Ji, Qihao, 1989-</subfield>
    <subfield code="t">Social media and society</subfield>
    <subfield code="d">New York, NY : Routledge, 2024</subfield>
    <subfield code="z">9781003351962</subfield>
    <subfield code="w">(DLC) 2023018844</subfield>
  </datafield>
  <datafield tag="906" ind1=" " ind2=" ">
    <subfield code="a">7</subfield>
    <subfield code="b">cbc</subfield>
    <subfield code="c">orignew</subfield>
    <subfield code="d">1</subfield>
    <subfield code="e">ecip</subfield>
    <subfield code="f">20</subfield>
    <subfield code="g">y-gencatlg</subfield>
  </datafield>
  <datafield tag="942" ind1=" " ind2=" ">
    <subfield code="2">ddc</subfield>
    <subfield code="c">BB</subfield>
  </datafield>
  <datafield tag="999" ind1=" " ind2=" ">
    <subfield code="c">30677</subfield>
    <subfield code="d">30648</subfield>
  </datafield>
  <datafield tag="952" ind1=" " ind2=" ">
    <subfield code="0">0</subfield>
    <subfield code="1">0</subfield>
    <subfield code="2">ddc</subfield>
    <subfield code="4">0</subfield>
    <subfield code="7">0</subfield>
    <subfield code="8">Alahram</subfield>
    <subfield code="a">MAIN</subfield>
    <subfield code="b">MAIN</subfield>
    <subfield code="c">1ST</subfield>
    <subfield code="d">2024-03-04</subfield>
    <subfield code="e">Purchase</subfield>
    <subfield code="g">1999.00</subfield>
    <subfield code="h">179</subfield>
    <subfield code="l">0</subfield>
    <subfield code="o">302.231 JIQ</subfield>
    <subfield code="p">000057025</subfield>
    <subfield code="r">2025-07-15 00:00:00</subfield>
    <subfield code="v">2499.00</subfield>
    <subfield code="w">2024-03-04</subfield>
    <subfield code="y">BB</subfield>
  </datafield>
</record>
